000 00301nam a22001337a 4500
008 181008b xxu||||| |||| 00| 0 eng d
020 _a155664017-X
041 _aeng
080 _a61
100 _a6
101 _aANE
245 _aCurrent Practice in Anesthesiology
_cRogers,M.C
942 _2udc
_cBK
999 _c49007
_d49007